| 000 | 01266nam a2200253Ia 4500 | ||
|---|---|---|---|
| 999 |
_c54938 _d54938 |
||
| 001 | 22009 | ||
| 003 | GE_BSU | ||
| 005 | 20220926121728.0 | ||
| 008 | 181216s ||||ge |||||||||||||| ||geo|| | ||
| 040 | _cGE_BSU | ||
| 041 | _ageo | ||
| 080 | _a821.111(73)-31 ფ-78 | ||
| 100 |
_aფოლკნერი, უილიამ _914793 |
||
| 245 |
_aსოფელი : _bრომანი / _cუილიამ ფოლკნერი ; ინგ. თარგმნა და წინასიტყაობა დაურთო რევაზ თვარაძემ ; რედ. ლილი ზედგენიძე ; მხატვ. თენგიზ მირზაშვილი. |
||
| 264 |
_aთბილისი : _bმერანი, _c1972. |
||
| 300 |
_a410 გვ. ; _c20 სმ. |
||
| 541 | _h8ლ. | ||
| 653 | _aმხატვრული ლიტერატურა | ||
| 653 | _aსოფელი : რომანი | ||
| 700 |
_aთვარაძე, რევაზ _eმთარგმნელი _914794 |
||
| 700 |
_aზედგენიძე, ლილი _eრედაქტორი _914795 |
||
| 700 |
_aმირზაშვილი, თენგიზ _eმხატვარი _914796 |
||
| 942 |
_cBK _2udc |
||